Issues in applied ethics/ (Record no. 21104)

000 -LEADER
fixed length control field 00326nam a22001451a 4500
020 ## - INTERNATIONAL STANDARD BOOK NUMBER
ISBN 9788190730464
082 ## - DEWEY DECIMAL CLASSIFICATION NUMBER
Classification number 170
Item number VIN/I
245 ## - TITLE STATEMENT
Title Issues in applied ethics/
Statement of responsibility, etc by Vinod Kumari
250 ## - EDITION STATEMENT
Edition statement 1st.
260 ## - PUBLICATION, DISTRIBUTION, ETC. (IMPRINT)
Place of publication New Delhi:
Name of publisher Satyam,
Year of publication 2009.
300 ## - PHYSICAL DESCRIPTION
Number of Pages 224p.
650 ## - SUBJECT ADDED ENTRY--TOPICAL TERM
Topical Term Ethics
650 ## - SUBJECT ADDED ENTRY--TOPICAL TERM
Topical Term Philosophy
942 ## - ADDED ENTRY ELEMENTS (KOHA)
Koha item type Book
Holdings
Withdrawn status Lost status Damaged status Not for loan Permanent Location Current Location Date acquired Cost, normal purchase price Full call number Accession Number Cost, replacement price Price effective from Koha item type
        Sree Sankaracharya University of Sanskrit Sree Sankaracharya University of Sanskrit 08.01.2015 500.00 170 VIN/I 067083 0.00 08.01.2015 Book